000 00455nam a2200157Ia 4500
003 OSt
005 20230526101536.0
008 211028s2010 xx 000 0 und d
040 _cAIMIT LIBRARY
041 _aeng
100 _aShet, A Shwetha; Maheshwari, Uma.
_g81821
_99142
110 _aUma Maheshwari
_99143
245 _aMolecular docking studies of Lactokinins against ace to reduce Hypertension.
260 _aMangalore
_c2010
942 _2ddc
_cPRO
999 _c220234
_d220234